Lịch sử Đông Nam Á hiện đại /
Cuốn sách trình bày khái quát tình hình các nước trong khu vực sau khi lật đổ ách thống trị của chủ nghĩa thực dân, giành độc lập dân tộc, trong đó tập trung vào các khía cạnh dân tộc, tộc người và tôn giáo.
שמור ב:
| מחבר ראשי: | |
|---|---|
| מחברים אחרים: | , , , |
| פורמט: | ספר |
| שפה: | Vietnamese |
| יצא לאור: |
Hà Nội :
Chính trị quốc gia,
2000.
|
| נושאים: | |
| תגים: |
הוספת תג
אין תגיות, היה/י הראשונ/ה לתייג את הרשומה!
|
| Thư viện lưu trữ: | Mạng thư viện Đại học Đà Nẵng |
|---|
| LEADER | 01388cam a2200397 i 4500 | ||
|---|---|---|---|
| 001 | 000046738 | ||
| 003 | 6246 | ||
| 005 | 20030924150633.0 | ||
| 008 | 010306b2000 vm 000 vie | ||
| 020 | |c 48000 | ||
| 040 | |a IRC |c IRC |d IRC | ||
| 041 | 1 | |a vie | |
| 082 | 1 | 4 | |a 959.05 |b CH-C |
| 100 | 1 | |a Christie, Clive J. | |
| 245 | 0 | 0 | |a Lịch sử Đông Nam Á hiện đại / |c Clive J. Christie ; Trần Văn Tuỵ, Đào Dục, Lê Thu Anh, Lê Thị Hồng dịch. |
| 260 | |a Hà Nội : |b Chính trị quốc gia, |c 2000. | ||
| 300 | |a 420tr. ; |c 22cm. | ||
| 520 | 3 | |a Cuốn sách trình bày khái quát tình hình các nước trong khu vực sau khi lật đổ ách thống trị của chủ nghĩa thực dân, giành độc lập dân tộc, trong đó tập trung vào các khía cạnh dân tộc, tộc người và tôn giáo. | |
| 630 | 0 | 4 | |a Lịch sử. |
| 630 | 0 | 4 | |a Đông Nam Á. |
| 630 | 0 | 4 | |a Lịch sử Đông Nam Á. |
| 650 | 0 | 4 | |a Đông Nam Á |b Lịch sử. |
| 700 | 1 | |a Trần Văn Tuỵ, |e dịch. | |
| 700 | 1 | |a Đào Dục, |e dịch. | |
| 700 | 1 | |a Lê Thu Anh, |e dịch. | |
| 700 | 1 | |a Lê Thị Hồng, |e dịch. | |
| OWN | |a DUT | ||
| 999 | |a From the UDN01 | ||
| TYP | |a Monograph | ||
| TYP | |a Printed language | ||
| 980 | |a Mạng thư viện Đại học Đà Nẵng | ||